Exchange rate pass-through in central and eastern Europe: a panel bayesian VAR approach

Vplyv vývoja medzinárodných cien na domáci výmenný kurz, resp. na výrobné a spotrebiteľské ceny skúmaný v rámci panelového bayesiánskeho VAR modelu. Analýza v Rumunsku, ČR, Maďarsku a Poľsku.

Guardado en:
Detalles Bibliográficos
Autor principal: Nalban, Valeriu
Formato: Capítulo de libro
Lenguaje:inglés
Materias:
Etiquetas: Agregar Etiqueta
Sin Etiquetas, Sea el primero en etiquetar este registro!

MARC

LEADER 00000naa a2200000 4500
001 0206605
005 20231010120914.0
041 0 |a eng 
044 |a CZ 
245 1 0 |a Exchange rate pass-through in central and eastern Europe: a panel bayesian VAR approach  |c Valeriu Nalban 
520 |a Vplyv vývoja medzinárodných cien na domáci výmenný kurz, resp. na výrobné a spotrebiteľské ceny skúmaný v rámci panelového bayesiánskeho VAR modelu. Analýza v Rumunsku, ČR, Maďarsku a Poľsku. 
610 2 0 |a ceny spotrebiteľské 
610 2 0 |a ceny svetové 
610 2 0 |a ceny zahraničnoobchodné 
610 2 0 |a pohyby kurzové 
610 2 0 |a kurz výmenný 
610 2 0 |a modely obchodu zahraničného 
610 2 0 |a ceny výrobcov 
100 1 |a Nalban, Valeriu